A Letter to the Right Honourable the Earl of Hilsborough, on the present situation of affairs in America : In which the arguments in favour of the colonies, are placed in a new point of view, and their rights and privileges are incontestibly demonstrated on constitutional principles, supported by unanswerable arguments drawn from their ancient original charters, and the circumstances attending their first settlement. : Together with a serious and impartial consideration of the consequences which must necessarily result from the exercise of coercive measures, to compel them to a submission to the late acts of Parliament. : Also an appendix in answer to a pamphlet intituled, The constitutional right of Great-Britain to tax the colonies. : [Two lines in Latin].

Bibliographic Details
Other Authors: Canning, George, -1771, Downshire, Wills Hill, Marquis of, 1718-1793
Format: eBook
Language:English
Series:Early American imprints. Evans (1639-1800) ; no. 11310.
Subjects:
Online Access:Evans Digital Edition

MARC

Tag First Indicator Second Indicator Subfields
LEADER 00000cam a2200000 a 4500
001 in00002139684
006 m e d #
007 cr mn mmmmabba
008 820604r1769 mau s 000 0 eng d
005 20260331151953.3
035 |z w013529 
035 |a MAAR8206043606B 
035 |9 mwa91-50139 
035 |a 320885 
035 |a aas03013529 
040 |a MWA  |c MWA  |e bdrb  |d UtOrBLW 
245 0 2 |a A Letter to the Right Honourable the Earl of Hilsborough, on the present situation of affairs in America :  |b In which the arguments in favour of the colonies, are placed in a new point of view, and their rights and privileges are incontestibly demonstrated on constitutional principles, supported by unanswerable arguments drawn from their ancient original charters, and the circumstances attending their first settlement. : Together with a serious and impartial consideration of the consequences which must necessarily result from the exercise of coercive measures, to compel them to a submission to the late acts of Parliament. : Also an appendix in answer to a pamphlet intituled, The constitutional right of Great-Britain to tax the colonies. : [Two lines in Latin]. 
264 3 |a [Boston] :  |b London: printed, Boston: re-printed, and sold by Edes and Gill, in Queen-Street,  |c 1769. 
300 |a 55 pages, 1 unnumbered page ;  |c 21 cm. (octavo) 
336 |a text  |b txt  |2 rdacontent 
337 |a computer  |b c  |2 rdamedia 
338 |a online resource  |b cr  |2 rdacarrier 
500 |a Sometimes attributed to George Canning, Sr. 
510 4 |a Evans  |c 11310 
530 |a Microform version available in the Readex Early American Imprints series. 
533 |a Electronic text and image data.  |b [Chester, Vt. :  |c Readex, a division of Newsbank, Inc.,  |d 2002-2004.  |e Includes files in TIFF, GIF and PDF formats with inclusion of keyword searchable text.  |f (Early American imprints. First series ; no. 11310). 
500 |a Electronic resource. 
630 0 0 |a Constitutional right of the legislature of Great Britain, to tax the British colonies in America, impartially stated. 
651 0 |a United States  |x History  |y Revolution, 1775-1783  |x Causes. 
700 1 |a Canning, George,  |d -1771. 
700 1 |a Downshire, Wills Hill,  |c Marquis of,  |d 1718-1793. 
752 |a United States  |b Massachusetts  |d Boston. 
830 0 |a Early American imprints.  |n Series I,  |p Evans (1639-1800) ;  |v no. 11310. 
856 4 1 |u http://proxy.library.tamu.edu/login?url=https://opac.newsbank.com/select/evans/11310  |y Evans Digital Edition  |t 0 
999 |a MARS 
999 f f |s ce4bd870-53b2-3450-8677-2379dcb022c9  |i 909c6f89-f95b-3b7a-bdd0-d06c95aa6df4  |t 0 
952 f f |a Texas A&M University  |b College Station  |c Electronic Resources  |s www_evans  |d Available Online  |t 0  |h No information provided 
998 f f |t 0  |l Available Online